Visualizzazione normale
Vista MARC
- Bertoli Pierangelo
di Personal Name
Records bibliografici associati: 1
001 - CONTROL NUMBER
- control field: 25747
003 - CONTROL NUMBER IDENTIFIER
- control field: IT-RoPau
005 - DATE AND TIME OF LATEST TRANSACTION
- control field: 20140518211108.0
008 - FIXED-LENGTH DATA ELEMENTS
- fixed length control field: 140518|| aca||aabn | a|a d
040 ## - CATALOGING SOURCE
- Original cataloging agency: IT-RoPau
- Transcribing agency: IT-RoPau
100 ## - HEADING--PERSONAL NAME
- Personal name: Bertoli Pierangelo
670 ## - SOURCE DATA FOUND
- Source citation: Work cat.: (IT-RoPau)101281: Bertoli Pierangelo, Sedia elettrica